Η εξέλιξη των διαδραστικών εγκαταστάσεων : η συμμετοχή του ανθρώπου και της τεχνολογίας σε αυτές : διπλωματική εργασία
Ανασκόπηση των διαδραστικών εγκαταστάσεων. Ιστορική αναδρομή τους, ως αποκλειστικό μέρος της τέχνης εως σήμερα που αποτελεί αναπόσπαστο κομμάτι της καθημερινότητας....
Αποθηκεύτηκε σε:
| Κύριος συγγραφέας: | |
|---|---|
| Συγγραφή απο Οργανισμό/Αρχή: | |
| Άλλοι συγγραφείς: | |
| Μορφή: | Thesis Βιβλίο |
| Γλώσσα: | Greek |
| Δημοσίευση: |
2014
|
| Θέματα: | |
| Διαθέσιμο Online: | http://hdl.handle.net/11610/9097 |
| Ετικέτες: |
Προσθήκη ετικέτας
Δεν υπάρχουν, Καταχωρήστε ετικέτα πρώτοι!
|
MARC
| LEADER | 00000cam a2200000 i 4500 | ||
|---|---|---|---|
| 001 | 1/45958 | ||
| 008 | 140411s2014 gre d | ||
| 035 | |l 10117392 | ||
| 040 | |a GR-MY-UA |b gre |e aacr | ||
| 041 | 0 | |a gre | |
| 082 | 0 | |a 709.04074 |2 (22) | |
| 100 | 1 | |a Παπαδάκη, Ιωάννα Εμμ. | |
| 245 | 1 | 2 | |a Η εξέλιξη των διαδραστικών εγκαταστάσεων : |b η συμμετοχή του ανθρώπου και της τεχνολογίας σε αυτές : διπλωματική εργασία / |c Παπαδάκη Ιωάννα ; επιβλέπων καθηγητής: Παναγιώτης Κουτσαμπάσης |
| 260 | |c 2014 | ||
| 300 | |a 93 φύλλα; |b εικ.; |c 30 εκ. | ||
| 500 | |a Διάθεση πλήρους κειμένου ελεύθερης πρόσβασης | ||
| 502 | |a Πτυχιακή εργασία – Πανεπιστήμιο Αιγαίου, Σύρος, 2014. | ||
| 504 | |a Βιβλιογραφία: σ. 88-91 | ||
| 520 | |a Ανασκόπηση των διαδραστικών εγκαταστάσεων. Ιστορική αναδρομή τους, ως αποκλειστικό μέρος της τέχνης εως σήμερα που αποτελεί αναπόσπαστο κομμάτι της καθημερινότητας. | ||
| 650 | 0 | 0 | |a Installations (Art) |x History. |
| 650 | 0 | 0 | |a Interactive art. |
| 650 | 0 | 0 | |a Dissertations, Academic |z Greece. |
| 700 | 1 | |4 ths |a Κουτσαμπάσης, Παναγιώτης. | |
| 710 | 2 | |a Πανεπιστήμιο Αιγαίου. |b Τμήμα Μηχανικών Σχεδίασης Προϊόντων και Συστημάτων. | |
| 852 | |a INST |b SYROS |c DIATR |e 20140411 |h 709.04074 ΠΑΠ |p 005500011363 |q 005500011363 |t DIE |y 23 | ||
| 852 | |a INST |b SYROS |c DIATR |e 20140411 |h 709.04074 ΠΑΠ |p 005500011364 |q 005500011364 |t DIE |y 23 | ||
| 856 | |u http://hdl.handle.net/11610/9097 | ||
| 901 | |a BIBL5-2014-1 | ||
| 909 | |a Ε |b 186812 | ||
| 909 | |a Ε |b 186813 | ||
| 924 | |a ΠΑΠΑΔΑΚΗ |b ΙΩΑΝΝΑ |y ΣΥΡΟΣ |z 2014-02 | ||
| 970 | |a ΚΟΝΤΟΥ |b ΠΑΡΑΣΚΕΥΗ |z 2014/04/11 | ||